States That Border Pennsylvania - Statistics

General Stats
  • This quiz has been taken 26 times
  • The average score is 6 of 6
Answer Stats
Answer % Correct
New York
100%
Ohio
100%
Delaware
95%
Maryland
95%
West Virginia
95%
New Jersey
90%
No matching quizzes found
Score Distribution
Percent of People with Each Score
Percentile by Number Answered
Your Score History
You have not taken this quiz